Thuật hùng biện
Khái niệm về thuật hùng biện (Định nghĩa, phân loại, mục đích...); Soạn thảo diễn văn (chuẩn bị, soạn thảo trên giấy hay ứng khẩu; nguyên tắc nội dung, các phần của bài diễn văn...); Phương pháp-cách thức trình bày diễn văn......
Gardado en:
| Autor Principal: | |
|---|---|
| Formato: | Libro |
| Idioma: | Undetermined |
| Publicado: |
Thành phố Hồ Chí Minh
Thanh Niên
1999
|
| Những chủ đề: | |
| Các nhãn: |
Engadir etiqueta
Sen Etiquetas, Sexa o primeiro en etiquetar este rexistro!
|
| Thư viện lưu trữ: | Trung tâm Học liệu Trường Đại học Cần Thơ |
|---|
| LEADER | 00913nam a2200205Ia 4500 | ||
|---|---|---|---|
| 001 | CTU_42189 | ||
| 008 | 210402s9999 xx 000 0 und d | ||
| 020 | |c 11000 | ||
| 082 | |a 158.2 | ||
| 082 | |b V308 | ||
| 100 | |a Hoàng, Xuân Việt | ||
| 245 | 0 | |a Thuật hùng biện | |
| 245 | 0 | |c Hoàng Xuân Việt | |
| 260 | |a Thành phố Hồ Chí Minh | ||
| 260 | |b Thanh Niên | ||
| 260 | |c 1999 | ||
| 520 | |a Khái niệm về thuật hùng biện (Định nghĩa, phân loại, mục đích...); Soạn thảo diễn văn (chuẩn bị, soạn thảo trên giấy hay ứng khẩu; nguyên tắc nội dung, các phần của bài diễn văn...); Phương pháp-cách thức trình bày diễn văn... | ||
| 650 | |a Psychology, applied,Public speaking | ||
| 904 | |i Minh,Nguyên | ||
| 980 | |a Trung tâm Học liệu Trường Đại học Cần Thơ | ||